Quizzes
Events
Quiz Creation
Community
Videos
Private Events
Remove Ads
Sign In
Join for FREE
Feedback
Dark Mode
Quiz Categories
Sports
Geography
Music
Movies
Television
Just For Fun
Miscellaneous
History
Literature
Language
Science
Gaming
Entertainment
Religion
Holiday
For Kids
Quiz Lab
Recent
Popular Today
Quiz Kudos Today
Editor Picks
Curator Picks
Quizzes by...
Day
Popularity
Type
Ratings
Length
Year
Community
Subscriptions
Recent Discussions
Orange Saloon
Badges
Playlists
Quests
Create
Leaderboards
Showdown
Live 5
Trivia Bingo
Activity
Puzzle Library
Sporcle Events
Private Events
Virtual Trivia
Globe League
Become a Host
Pub Owners
SporcleCon
Opinionation
Our Games
Videos
Blog
Mobile Apps
Partnerships
Remove Ads and Go Orange
Feedback
Television
TV Characters
TV Show
Sitcom
Network
Friends
Reality Shows
Cast
South Park
Star Trek
The Simpsons
Doctor Who
Television
TV Characters
TV Show
Sitcom
Network
Friends
Reality Shows
Cast
South Park
Star Trek
The Simpsons
Doctor Who
Random Quiz
Search Sporcle
×
Quiz Lab
Quiz Lab
Television
Character
Type in answers that appear in a list
Type in answers that appear in a list
Classic
Best Score? Go Orange.
Once Upon A Time Characters Stats
Can you name the once upon a time characters? (as of season 3 episode 6)
By
iamlauren123
10m
67 Questions
742 Plays
742 Plays
742 Plays
Comments
Comments
Give Quiz Kudos
Give Quiz Kudos
-
- Ratings
hide this ad
Replay
Link that replays current quiz
Next Quiz
Link to next quiz in quiz playlist
You Got
0%
They Got
Avg Score
70%
Avg Friend Score
Upgrade to see
Score Distribution
Jump to the score distribution portion of the page
Score
0/67
Timer
10:00
0
Plays Today
Hint
Answer
% Correct
Emma
99.2%
Snow White
98.7%
Regina
98.5%
Henry
98.4%
Henry
98.4%
Neal
95.6%
Hook
93.7%
Charming
93.3%
Ruby
92.5%
Belle
92.2%
Peter
92%
Mulan
90.4%
Cora
89.8%
Graham
89.6%
Aurora
88.8%
Blue Fairy
87.3%
August
86.9%
Peter Pan
86%
Granny
85%
Tinkerbell
84.4%
Jefferson
84%
Daniel
82.5%
Milah
81.4%
Phillip
79.5%
Eric
78.4%
Hansel
78%
Robin Hood
76.8%
Leroy
76.7%
Ashley
76.1%
Whale
76.1%
Wendy
76%
Gretel
76%
Smee
75.6%
Grace
72.5%
Hint
Answer
% Correct
Felix
72.1%
Eva
71.4%
Ursula
70.8%
Ariel
69.4%
Marian
68.6%
Sidney
67.9%
Shadow
67.1%
Midas
66.7%
Geppetto
65.9%
Leopold
65.4%
George
65.4%
Greg
64.8%
Tamara
62.7%
Gaston
61.6%
Frederick
60.6%
Ruth
59.6%
Archie
58.9%
Roland
58.8%
Kathryn
58.5%
Jack
57.7%
Sean
57%
Rumpelstiltskin
56.9%
Dragon
51.1%
Liam
50.5%
Johanna
46.8%
Lancelot
46.2%
Seer
45.1%
Maleficent
39.8%
Xavier
39.2%
Anita
36.8%
Quinn
25.9%
Morraine
12.1%
Devin
10.4%
Quiz Playlist
Details
Report
Send in Message
Add To Playlist
Classic:
Type in answers that appear in a list
Last Updated: Feb 16, 2017
Quiz Scoreboard
CHALLENGE
Sign Up to Join the Scoreboard
Show All
Scores
Hide
Comments
May contain spoilers
Recently Published
Billboard Blitz: Fleetwood Mac
by CooCooCachoo
Music
15s
Presidents Visiting Landmarks
by Hejman
History
7m
An Introduction to Baseball
by treessimontrees
Sports
5m
More to Explore
Quiz From the Vault
Featured Blog Post
Where Did the Easter Bunny Come From?
hide this ad
You Might Also Like...
Tags
Character
episode
Today's Top Quizzes in Television
Browse Television
hide this ad
Today's Top Quizzes in Character
Browse Character
Top Contributed Quizzes in Television
1
5-to-1: The Simpsons Families
2
5-to-1: Television Doctors
3
7-to-1: TV Show Settings
4
One Piece Logic Puzzle
5
5-to-1: Streaming Originals
6
Survivor Seasons
7
Survivor Logic Puzzle: Heroes vs. Villains
8
TV Shows by First Names
9
Survivor Season by Logo
10
Survivor Trivia
Explore More
Trending Topics
Crossword
Anime
Harry Potter
NBA
Disney
Marvel
Kpop
Song
NFL
Pokémon
Soccer
Country
WWE
Puzzle
The Office
hide this ad
More By:
iamlauren123
Quiz
Plays
Rating
Category
Featured
Created
Once Upon A Time Characters
742
4.33
Television
Nov 10, 2013
Go to Creator's Profile
Score Distribution
Quiz Creator Spotlight
iamlauren123
Follow
Send a Message
Quizzes Created
-
Created Quiz Play Count
-
More By This Creator
Popular Quizzes Today
1
Find the US States - No Outlines Minefield
2
Find the Countries of Europe - No Outlines Minefield
3
The Countries of the World
4
Find the US States
5
US States
6
Popular People in 1961
7
Risky Map Clicking: Biggest States A-Z
8
Movies - When Are They Set?
More Television Quizzes
Seinfeld-ism or HIMYM-ism
Published
Trending Quizzes
Risky Map Clicking: Least Populous States A-Z
1-10 Letter G Words
1-10 Letter F Words
Risky Map Clicking: Next State Alphabetically
Risky Map Clicking: Biggest States A-Z
Recently Updated
Leaping Animals
pecheneg
Reality TV Shows (A-Z)
bhenderson79
Rickey Henderson's Hall of Fame Teammates
pecheneg
Champions League XIs: Arsenal
pecheneg
Quick Pick: Celebrities in WWE's Hall of Fame
aduchscher
A-Z Keypad Blitz II
pecheneg
Multiple Oscar Actors
pecheneg
Mystery Phrase Blitz: Oscar 'Best Actors'
pecheneg
F. Scott Fitzgerald Novels
LTH
Pick 3 Villains
ddd62291
Trending Topics
Harry Potter
NBA
Kpop
Marvel
Crossword
Disney
Anime
Country
Puzzle
Pokémon
The Office
Song
Soccer
WWE
NFL
Your Account Isn't Verified!
In order to create a playlist on Sporcle, you need to verify the email address you used during registration. Go to your
Sporcle Settings
to finish the process.
Report this User
Report this user for behavior that violates our
Community Guidelines
.
Details:
Send Report
Go to the Sporcle.com Mobile Site →
Comments